01552nam a2200205 a 4500008004100000020001500041041000800056092001700064100003300081245004700114250004300161260003600204300002200240500008100262505074200343655001701085942001301102999001501115952021601130161215e2004 ag |||g ||| 000 f spa d a9871093829 aspa c808l17sDOS1 aDostoievski, Fiódor.94329 aCrímen y Castigo /cFiódor Dostoievski a1a ed.bTraducción Carmen Llamazares aBuenos Aires:bGradifco;c2004. a416 p.c20x14 cm. aDostoievski, F. (2004). Crimen y Castigo. (1a ed.). Buenos Aires : Gradifco. aCrimen y Castigo es para algunos la obra maestra de Fedor Dostoievski, el gran novelista ruso que retrató a su pueblo como pocos, siendo capaz de abarcar las profundidades del alma humana, universales e intemporales. El héroe de la novela es Raskolnikov, un joven estudiante que decide asesinar a una usurera; el conflicto es el dilema ético, descripto mediante el complicado proceso mental del protagonista, en una obra de hondura psicológica inigualable. Situada en una miserable e impiadosa San Petersburgo, la novela es una clásico de la literatura universal que es redescubierto generaciones tras generación, plagada de imágenes patéticas, violentas, terribles, pero con un fondo de esperanza entre tanta oscuridad.  aNovela93091 2ddccLIT c3280d3280 00102ddc4070aBFMbBFMcCRd2025-07-24eDonación Navarro, Adriana. Julio 2025l1m4o808 17 DOSp5054r2026-03-13s2025-09-29tEj. 1w2025-07-24yLITzDonación Navarro, Adriana. Julio 2025. Sede Tordos.f